Desierto pintado

Jeff y Cash encuentran un bebé, y es Cash quien decide hacerse cargo de él. Con el paso del tiempo los dos amigos llegan a ser propietarios de dos ranchos vecinos, pero entre ellos surgen problemas: la hermosa hija Jeff es uno de ellos.

Bibliographic Details
Other Authors: Higgin, Howard (Conductor)
Format: DVD
Language:English
Published: Estados Unidos: CÍRCULO DIGITAL S.L., 2004
Subjects:

MARC

LEADER 00000ngm a22000007a 4500
001 030920
003 UAHC_CL
005 20190506130728.0
008 130506s2004 us 130 e vleng d
952 |0 0  |1 0  |4 0  |6 DVD_961  |7 0  |8 COMP  |9 92020  |a BC  |b BC  |c Referencia  |d 2019-05-06  |e DONACION  |l 0  |o DVD-961  |p 1443339  |r 2021-12-01 00:00:00  |t c.1  |w 2019-05-06  |y DVD 
999 |c 52067  |d 52067 
040 |a UAHC_CL  |c UAHC_CL  |d UAHC_CL 
245 1 0 |a Desierto pintado  |c Howard Higgin. 
260 |a Estados Unidos:  |b CÍRCULO DIGITAL S.L.,   |c 2004 
300 |a 1 videodisco (71 min.) 
500 |a Serie: Obras Maestras del Cine. 
520 |a Jeff y Cash encuentran un bebé, y es Cash quien decide hacerse cargo de él. Con el paso del tiempo los dos amigos llegan a ser propietarios de dos ranchos vecinos, pero entre ellos surgen problemas: la hermosa hija Jeff es uno de ellos. 
650 0 |a Películas cinematográficas  |9 3382  |z Estados Unidos  
700 |a Higgin, Howard  |e dir.  |9 7825 
900 |a DVD-961 
942 |c DVD